| 000 | 00810nam a22002411a 4500 | ||
|---|---|---|---|
| 001 | 22595 | ||
| 003 | CZ PrNK | ||
| 005 | 20260401145253.0 | ||
| 008 | 041006s1961 xo slo | ||
| 040 |
_aABA001 _bcze _cABA001 _dABA001 |
||
| 041 | 1 |
_aslo _hrus |
|
| 100 | 1 |
_aPoleščuk, Aleksandr Lazarevič, _d1923-1979 _4aut |
|
| 245 | 1 | 0 |
_aPríbeh doktora Mechanicusa a jeho psa / _cAlexandr Poleščuk ; Z rus. orig. Velikoje delanie, ili udivitel'naja istorija doktora Mekanikusa i jego sobaki Al'my prel. Matej Andráš |
| 250 | _a1. vyd. | ||
| 260 |
_aBratislava : _bMladé letá, _c1961 |
||
| 300 |
_a265 s. ; _c8° |
||
| 490 | 1 | _aDobrodružné čítanie | |
| 500 | _aS il. | ||
| 500 | _aPre čitateľov od 11 rokov | ||
| 830 | 0 | _aDobrodružné čítanie | |
| 910 | _aABA001 | ||
| 942 |
_2ddc _cKLDO _n0 |
||
| 999 |
_c22595 _d22595 |
||